000 00457nam a2200157 i 4500
001 101546
003 ES-MaACL
005 20230906182930.0
007 t|
008 051020s1974 sp ||||1| spa d
100 1 _aMedina Ortega, Manuel.
_979748
245 1 3 _aLa Comunidad Europea y sus principios constitucionales /
_cManuel Medina Ortega.
260 _aMadrid :
_bTecnos,
_c1974.
300 _a230 p. ;
_c23 cm.
852 _aES-MaACL
_jE-6029
_bR.90382
999 _c101546
_d101546